MAASAI MARA UNIVERSITY

LIBRARY CATALOGUE

Contact Us: +254 020 2685356/7 or 0774 057787

Box: 861-20500, NAROK, KENYA

Email: info@mmarau.ac.ke

Navidi William (Record no. 798)

MARC details
000 -LEADER
fixed length control field 00410nam a2200145Ia 4500
008 - FIXED-LENGTH DATA ELEMENTS--GENERAL INFORMATION
fixed length control field 151015s9999 xx 000 0 und d
020 ## - INTERNATIONAL STANDARD BOOK NUMBER
International Standard Book Number 9.7800731278e+012
050 ## - LIBRARY OF CONGRESS CALL NUMBER
Classification number QA276.4.N382008
245 ## - TITLE STATEMENT
Title Navidi William
250 ## - EDITION STATEMENT
Edition statement _Statistics for Engineers and Scientists(2nd ed.)
300 ## - PHYSICAL DESCRIPTION
Extent USA McGrawHill 2008
500 ## - GENERAL NOTE
General note Inludes index
650 ## - SUBJECT ADDED ENTRY--TOPICAL TERM
Topical term or geographic name as entry element _Statistics
700 ## - ADDED ENTRY--PERSONAL NAME
Personal name ^d20110118 10:57:48^okorir

No items available.

© 2016 Maasai Mara University.